000 01000nam a2200301Ia 4500
003 OSt
005 20221007121301.0
006 a|||||r|||| 00| 0
007 ta
008 221006b |||||||| |||| 00| 0 eng d
020 _a9783527334919 (hbk)
024 _a190135
037 _b199, 24/02/2014, N R Book Distributors
_cTextual
040 _aBDL
_cBDL
_beng
041 _2eng
_aeng
082 _aJ:6:(U287), Q4.1-.2 Carb
100 _aTuteja Narendra Ed.
_9711272
245 0 _aClimate change and plant abiotic stress tolerance
_b Gill Sarvajeet S Ed.
260 _aWeinheim
_bWiley Blackwell
_c2014
300 _a col.illl.
_ccm.
490 _vVol.1
650 _a Climate change
650 _a Plant adaptation
_9711273
650 _aBotany
700 _a Gill Sarvajeet S Ed.
_9711274
942 _hJ:6:(U287), Q4.1-.2 Carb
_cTEXL
_2CC
999 _c1208661
_d1208661